00713nam a2200241 a 4500001001300000003000900013005001700022008004100039020000900080082001500089100002000104245004600124260004700170300000800217500003500225505001000260650003500270700002000305902000800325942000700333952011400340999001700454nice12345678IN_TiNIC20260116013931.0050524s1996 bana grp 000 0 eng  ac1200a294.5bPAR aParameswaran, P aHindu Wayb Road Map for the 21st Century aBangalorebSahitya Sindhu Prakashanac1996 a42p aincludes index and biblioraphy2 aIndex aReligious Fundamentalism-Hindu1 aParameswaran, P bSRS cBK 001040708StackRoom-aHMIbHMId2007-07-23g12.00l0o294.5 PARp017808r2007-07-23v12.00w2005-05-24yBK c13174d13174